| 000 | 00634nam a2200265Ia 4500 | ||
|---|---|---|---|
| 005 | 20260324153031.0 | ||
| 008 | 008 260324s9999 xx 000 0 eng d | ||
| 020 | _a9780081009048 | ||
| 037 | _aEBOOK | ||
| 040 | _aCRL | ||
| 040 | _beng | ||
| 040 | _cCRL | ||
| 041 | _2eng | ||
| 041 | _aeng | ||
| 084 | _qCRL | ||
| 100 |
_aMcLoughlin, JohnMcLoughlin, John _91230403 |
||
| 245 | 0 | _aHigh-Performance Apparel | |
| 260 | _bElsevier | ||
| 260 | _c2017 | ||
| 650 | _aEngineering | ||
| 856 | _uhttps://www.sciencedirect.com/science/book/9780081009048 | ||
| 942 | _cEBOOK | ||
| 999 |
_c1841542 _d1841542 |
||